000 02273cam a22003974a 4500
001 118153
005 20230410130455.0
008 110201s2011 nyu 001 0 eng
035 _a16632199
010 _a 2011004683
016 7 _a015868719
_2Uk
020 _a9780316126717
020 _a0316126713
035 _a(OCoLC)ocn701330642
040 _aDLC
_cDLC
_dYDX
_dUKMGB
_dCD5
_dYDXCP
_dVP@
_dBWX
_dABG
_dCDX
_dDLC
041 _aEng
042 _apcc
050 1 4 _aPE1404
_b.C594 2011
050 1 4 _aPE 1404
_bC594h 2011
082 0 0 _a808/.042
_222
100 1 _aClark, Roy Peter.
245 1 0 _aHelp! for writers :
_b210 solutions to the problems every writer faces /
_cRoy Peter Clark.
250 _a1st ed.
260 _aNew York :
_bLittle, Brown and Co.,
_c2011.
300 _aviii, 296 p. ;
_c22 cm.
500 _aIncludes index.
505 0 _aThe seven steps of the writing process -- How to get Help! -- Getting started. I can't think of anything to write ; I hate writing assignments and other people's ideas ; I have trouble doing all the research -- Getting your act together. My work habits are so disorganized ; I can never find what I need when I need it ; I have too much material to handle -- Finding focus. I don't know what my story is really about ; I have trouble with the beginning ; I have problems selecting my best stuff -- Looking for language. My vocabulary is so limited ; My early drafts are littered with clichâes ; My words don't make things clear -- Building a draft. I am totally blocked ; I can't stop procrastinating ; I have trouble working from a plan -- Assessing your progress. I'm slow and miss my deadlines ; My middles sag ; It never ends well -- Making it better. I don't know what to revise and run out of time ; My work is way too long ; I resent criticism and editing -- Keeping the faith -- 25 favorite writing books.
650 0 _aEnglish language
_xRhetoric.
650 0 _aReport writing.
650 4 _aInglés
_xRetórica.
650 4 _a20150700
856 4 2 _3Contributor biographical information
_uhttp://www.loc.gov/catdir/enhancements/fy1205/2011004683-b.html
856 4 2 _3Publisher description
_uhttp://www.loc.gov/catdir/enhancements/fy1205/2011004683-d.html
942 _2lcc
_cbk
946 _advf
999 _c74923
_d74923